000 00618nam a2200217Ia 4500
003 OSt
005 20221007082333.0
006 a|||||r|||| 00| 0
007 ta
008 221006b |||||||| |||| 00| 0 eng d
024 _a12,255
037 _cReports / Technical Reports
040 _aFLL
_cFLL
_beng
041 _2eng
_aeng
082 _aV2:3(P).N73t, L4
245 0 _aIndia, linguistic minorities (office of the commissioner for) report 15, Jul 72-Jun 73
260 _c1974
300 _a236p
_ccm.
942 _hV2:3(P).N73t, L4
_cREP
_2CC
999 _c1166106
_d1166106